Encyclopedia World Now = 現代世界百科大辞典 13巻 : フラウス~マロンク. V.13

שמור ב:
מידע ביבליוגרפי
פורמט: ספר
יצא לאור: 講談社 1972
תגים: הוספת תג
אין תגיות, היה/י הראשונ/ה לתייג את הרשומה!
Thư viện lưu trữ: Mạng thư viện Đại học Đà Nẵng
LEADER 00557nam a2200217 a 4500
001 000030477
003 14895
005 20171030145630.0
008 171030s1972
040 |a LTT 
082 0 |a 039.956  |b En-W 
245 0 0 |a Encyclopedia World Now = 現代世界百科大辞典 13巻 : フラウス~マロンク.  |n V.13 
260 |b 講談社  |c 1972 
500 |a SAIKA 
OWN |a LTT 
999 |a From the UDN01 
TYP |a Monograph 
TYP |a Printed language 
980 |a Mạng thư viện Đại học Đà Nẵng